The new Unger's Bible dictionary / (Record no. 11004)

MARC details
000 -LEADER
fixed length control field 01526pam a2200385 a 4500
001 - CONTROL NUMBER
control field 1964142
003 - CONTROL NUMBER IDENTIFIER
control field GBCCL
005 - DATE AND TIME OF LATEST TRANSACTION
control field 20251110141407.0
008 - FIXED-LENGTH DATA ELEMENTS--GENERAL INFORMATION
fixed length control field 880526s1988 iluab bd 001 0 eng
020 ## - INTERNATIONAL STANDARD BOOK NUMBER
International Standard Book Number 0802490379
020 ## - INTERNATIONAL STANDARD BOOK NUMBER
International Standard Book Number 9780802490377
035 ## - SYSTEM CONTROL NUMBER
System control number 1964142
040 ## - CATALOGING SOURCE
Original cataloging agency DLC
Transcribing agency DLC
Modifying agency DLC
082 00 - DEWEY DECIMAL CLASSIFICATION NUMBER
Classification number 220.3
Edition information 19
Item number UNG 1
100 1# - MAIN ENTRY--PERSONAL NAME
Personal name Unger, Merrill Frederick,
Dates associated with a name 1909-
245 14 - TITLE STATEMENT
Title The new Unger's Bible dictionary /
Statement of responsibility, etc. Merrill F. Unger ; R.K. Harrison, editor ; Howard F. Vos, Cyril J. Barber, contributing editors.
250 ## - EDITION STATEMENT
Edition statement Rev. and updated ed.
260 ## - PUBLICATION, DISTRIBUTION, ETC.
Place of publication, distribution, etc. Chicago :
Name of publisher, distributor, etc. Moody Press,
Date of publication, distribution, etc. 1988.
300 ## - PHYSICAL DESCRIPTION
Extent xv, 1400 p. :
Other physical details ill. (some col.), 15 col. maps ;
Dimensions 24 cm.
336 ## - CONTENT TYPE
Content type term text
Content type code txt
Source rdacontent
337 ## - MEDIA TYPE
Media type term unmediated
Media type code n
Source rdamedia
338 ## - CARRIER TYPE
Carrier type term volume
Carrier type code nc
Source rdacarrier
500 ## - GENERAL NOTE
General note Revision of: Unger's Bible dictionary. 3rd ed. c1966.
504 ## - BIBLIOGRAPHY, ETC. NOTE
Bibliography, etc. note Includes bibliographies and index.
630 00 - SUBJECT ADDED ENTRY--UNIFORM TITLE
Uniform title Bible
General subdivision Dictionaries.
700 1# - ADDED ENTRY--PERSONAL NAME
Personal name Harrison, R. K.
Fuller form of name (Roland Kenneth)
700 1# - ADDED ENTRY--PERSONAL NAME
Personal name Vos, Howard Frederic,
Dates associated with a name 1925-
700 1# - ADDED ENTRY--PERSONAL NAME
Personal name Barber, Cyril J.
700 1# - ADDED ENTRY--PERSONAL NAME
Personal name Unger, Merrill Frederick,
Dates associated with a name 1909-
Title of a work Unger's Bible dictionary.
856 42 - ELECTRONIC LOCATION AND ACCESS
Materials specified Publisher description
Uniform Resource Identifier <a href="http://www.loc.gov/catdir/enhancements/fy0609/88009189-d.html">http://www.loc.gov/catdir/enhancements/fy0609/88009189-d.html</a>
856 42 - ELECTRONIC LOCATION AND ACCESS
Materials specified Contributor biographical information
Uniform Resource Identifier <a href="http://www.loc.gov/catdir/enhancements/fy1206/88009189-b.html">http://www.loc.gov/catdir/enhancements/fy1206/88009189-b.html</a>
906 ## - LOCAL DATA ELEMENT F, LDF (RLIN)
a 7
b cbc
c orignew
d 1
e ocip
f 19
g y-gencatlg
942 ## - ADDED ENTRY ELEMENTS (KOHA)
Source of classification or shelving scheme Dewey Decimal Classification
Koha item type Books
Suppress in OPAC No
Holdings
Withdrawn status Lost status Source of classification or shelving scheme Damaged status Not for loan Home library Current Library Shelving location Date acquired Total checkouts Full call number Barcode Date last seen Copy number Price effective from Koha item type
    Dewey Decimal Classification     GRACE BIBLE COLLEGE GRACE BIBLE COLLEGE Dictionary 2025-11-10   220.3 UNG 017291 2025-11-10 c.1 2025-11-10 Reference Books
© Grace Bible College Library 2025